[Event "AUTO-OPEN-1038"]
[Site "http://www.queenalice.com/game.php?id=363914"]
[Date "2008.3.1"]
[Round "1"]
[White "Wefferson_Emerich_0802"]
[Black "starwars14"]
[Result "0-1"]
[WhiteElo "1491"]
[BlackElo "1355"]

1. e4 e5 2. Bc4 c6 3. Qf3 Nf6 4. Nh3 Nd5 5. exd5 cxd5 6. Bxd5 f6 7. Bxb7 Bxb7 8.
Qxb7 Nc6 9. Qb3 Nd4 10. Qd3 Rc8 11. c3 Nc6 12. Na3 d5 13. Nc2 Na5 14. Nb4 e4 15.
Qxd5 Bd6 16. Qxe4+ Be7 17. Nf4 Nc4 18. Ne6 Qd6 19. Nxg7+ Kf7 0-1

[Event "AUTO-OPEN-1038"]
[Site "http://www.queenalice.com/game.php?id=363915"]
[Date "2008.3.1"]
[Round "1"]
[White "starwars14"]
[Black "Wefferson_Emerich_0802"]
[Result "1-0"]
[WhiteElo "1396"]
[BlackElo "1491"]

1. d4 d5 2. Bg5 h6 3. Bc1 Nc6 4. e3 e5 5. c3 e4 6. Nh3 Bxh3 7. gxh3 a6 8. Nd2
Bd6 9. h4 Qxh4 10. Be2 f5 11. Rg1 g5 12. Rg2 g4 13. Nf1 O-O-O 14. Ng3 Bxg3 15.
Rxg3 Qxh2 16. Kd2 Qxf2 17. Rg1 Nf6 18. Rf1 Qg3 19. Rg1 1-0

[Event "AUTO-INT-827"]
[Site "http://www.queenalice.com/game.php?id=369280"]
[Date "2008.3.11"]
[Round "1"]
[White "TheArgies"]
[Black "Wefferson_Emerich_0802"]
[Result "0-1"]
[WhiteElo "1544"]
[BlackElo "1641"]

1. e4 e5 2. Nf3 Nc6 3. Bc4 Bc5 4. d3 Qf6 5. Bg5 Qg6 6. h4 h6 7. Bd2 Qxg2 8. Rh2
Qg6 9. Nc3 Nd4 10. Nxe5 Qg1# 0-1

[Event "AUTO-INT-827"]
[Site "http://www.queenalice.com/game.php?id=369281"]
[Date "2008.3.11"]
[Round "1"]
[White "Wefferson_Emerich_0802"]
[Black "TheArgies"]
[Result "1-0"]
[WhiteElo "1625"]
[BlackElo "1509"]

1. e4 e5 2. Bc4 Bc5 3. Qf3 Nf6 4. d3 h6 5. Nc3 d6 6. Nd5 Bg4 7. Nxf6+ gxf6 8.
Qxg4 Nd7 9. Qg7 Rf8 10. Bxh6 Ke7 11. Qg4 Nb6 12. Bxf8+ 1-0

[Event "AUTO-INT-827"]
[Site "http://www.queenalice.com/game.php?id=369294"]
[Date "2008.3.11"]
[Round "1"]
[White "Wefferson_Emerich_0802"]
[Black "Maffu"]
[Result "0-1"]
[WhiteElo "1697"]
[BlackElo "1626"]

1. e4 e5 2. Bc4 f5 3. exf5 Nf6 4. d3 d5 5. Bb5+ c6 6. Ba4 Bxf5 7. Nf3 Bc5 8.
Nxe5 Bxf2+ 9. Kxf2 b5 10. Bb3 O-O 11. c4 bxc4 12. dxc4 Qb6+ 13. Ke1 Nbd7 14.
Nxd7 Nxd7 15. cxd5 Bxb1 16. Rxb1 Qf2# 0-1

[Event "AUTO-INT-827"]
[Site "http://www.queenalice.com/game.php?id=369295"]
[Date "2008.3.11"]
[Round "1"]
[White "Maffu"]
[Black "Wefferson_Emerich_0802"]
[Result "1-0"]
[WhiteElo "1540"]
[BlackElo "1652"]

1. e4 e5 2. Nc3 Bb4 3. f4 Bxc3 4. dxc3 Qf6 5. Nf3 exf4 6. Bc4 Nc6 7. O-O g5 8.
Bxf7+ Qxf7 9. Nxg5 Qg6 10. Bxf4 d6 11. Qd5 h6 12. Qf7+ Qxf7 13. Nxf7 Kxf7 14.
Be5+ Ke7 15. Bxh8 Bg4 16. h3 Be2 17. Rf2 Bc4 18. b3 Be6 19. Raf1 h5 20. a4 Ne5
21. Bxe5 dxe5 22. Kh2 c5 23. b4 c4 24. Kg3 a5 25. b5 Kd6 26. Rd1+ Ke7 27. Rdf1
Nh6 28. Kh4 Bf7 29. Kg5 Rh8 30. Rf6 Ng8 31. Rxf7+ Kd6 32. Rd1+ Ke6 33. Rdd7 b6
34. Rb7 h4 35. Rh7 Rxh7 36. Rxh7 Nf6 37. Rxh4 Nd7 38. g4 Nc5 39. Rh6+ Ke7 40.
Kf5 Nxa4 41. g5 Nxc3 42. Rxb6 a4 43. g6 a3 44. g7 Kf7 45. Rb7+ Kg8 46. Kg6 Nxb5
47. Rb8# 1-0

[Event "AUTO-INT-827"]
[Site "http://www.queenalice.com/game.php?id=369297"]
[Date "2008.3.11"]
[Round "1"]
[White "chesplayer"]
[Black "Wefferson_Emerich_0802"]
[Result "1-0"]
[WhiteElo "1691"]
[BlackElo "1606"]

1. e4 e5 2. Nf3 Qf6 3. Bc4 Bc5 4. O-O d6 5. d3 Qg6 6. Ng5 h6 7. Bxf7+ Qxf7 8.
Nxf7 Kxf7 9. Qf3+ Ke8 10. Qh5+ Kd8 11. Bg5+ Kd7 12. Qf7+ Kc6 13. Qe8+ Nd7 14.
Be3 Bxe3 15. fxe3 b6 16. Rf7 a5 17. d4 Kb7 18. Nc3 Ndf6 19. Qd8 Bd7 20. Rxd7
Rxd8 21. Rxg7 exd4 22. exd4 Re8 23. Nb5 Re7 24. Rxe7 Nxe7 25. e5 dxe5 26. dxe5
Ng4 27. e6 h5 28. Rd1 Nc6 29. Rd7 Rc8 30. Nd6+ Kb8 31. Nxc8 Kxc8 32. Rh7 Nf6 33.
Rh8+ Kb7 34. Rh6 Ne8 35. Rxh5 Ng7 36. Rh6 Nf5 37. Rh7 Nd6 38. g4 Kc8 39. Rh8+
1-0

[Event "AUTO-ADV-870"]
[Site "http://www.queenalice.com/game.php?id=386175"]
[Date "2008.4.12"]
[Round "1"]
[White "Wefferson_Emerich_0802"]
[Black "KobeB"]
[Result "0-1"]
[WhiteElo "1615"]
[BlackElo "1792"]

1. e4 e5 2. Bc4 Nf6 3. d3 d5 4. exd5 Nxd5 5. Bxd5 Qxd5 6. Qf3 Be6 7. c4 Qc6 8.
a3 Bc5 9. Nc3 O-O 10. Qg3 Rd8 0-1

[Event "AUTO-ADV-870"]
[Site "http://www.queenalice.com/game.php?id=386192"]
[Date "2008.4.12"]
[Round "1"]
[White "Wefferson_Emerich_0802"]
[Black "gniark"]
[Result "0-1"]
[WhiteElo "1665"]
[BlackElo "1916"]

1. e4 e6 2. d4 d5 3. e5 c5 4. dxc5 Bxc5 5. Qg4 Ne7 6. Qxg7 Ng6 7. Bd3 Qh4 8.
Qxh8+ Nxh8 9. g3 Qe7 10. Nc3 Nc6 11. f4 f6 0-1

[Event "AUTO-ADV-870"]
[Site "http://www.queenalice.com/game.php?id=386193"]
[Date "2008.4.12"]
[Round "1"]
[White "gniark"]
[Black "Wefferson_Emerich_0802"]
[Result "1-0"]
[WhiteElo "1909"]
[BlackElo "1672"]

1. d4 d5 2. c4 dxc4 3. Nf3 b5 4. a4 c6 5. axb5 cxb5 6. b3 cxb3 7. Qxb3 a6 8. e3
Bg4 9. Bxb5+ Nd7 10. Ne5 Qc7 11. Qxf7+ Kd8 12. Nc6+ 1-0

[Event "AUTO-ADV-870"]
[Site "http://www.queenalice.com/game.php?id=386194"]
[Date "2008.4.12"]
[Round "1"]
[White "Wefferson_Emerich_0802"]
[Black "pjanderson"]
[Result "0-1"]
[WhiteElo "1533"]
[BlackElo "1687"]

1. e4 e5 2. Bc4 c6 3. d3 d5 4. exd5 cxd5 5. Bb5+ Bd7 6. Bxd7+ Qxd7 7. a3 Nf6 8.
Bg5 Be7 9. Bxf6 Bxf6 10. c3 O-O 11. Nh3 Nc6 12. O-O d4 13. Re1 dxc3 14. Nxc3 Nd4
0-1

[Event "AUTO-ADV-870"]
[Site "http://www.queenalice.com/game.php?id=386195"]
[Date "2008.4.12"]
[Round "1"]
[White "pjanderson"]
[Black "Wefferson_Emerich_0802"]
[Result "1-0"]
[WhiteElo "1706"]
[BlackElo "1665"]

1. d4 d5 2. g3 Nc6 3. Bg2 Nf6 4. Bg5 Ne4 5. Bxe4 dxe4 6. Nc3 Qxd4 7. Nb5 Qe5 8.
Bf4 Qxb5 9. b3 Qc5 10. Bxc7 Nb4 11. Qd8# 1-0

[Event "AUTO-OPEN-1090"]
[Site "http://www.queenalice.com/game.php?id=386392"]
[Date "2008.4.12"]
[Round "1"]
[White "Wefferson_Emerich_0802"]
[Black "goulart"]
[Result "0-1"]
[WhiteElo "1491"]
[BlackElo "1976"]

1. e4 c5 2. Bc4 Nc6 3. d3 Nf6 4. Nf3 d6 5. Ng5 e6 6. Bb5 Bd7 7. Bxc6 Bxc6 8. Nf3
Be7 9. Nc3 Qb6 10. h3 O-O 11. Bg5 Qxb2 12. Ne2 Rab8 13. O-O b5 14. Qd2 Qa3 15.
Qc3 Qa6 0-1

[Event "AUTO-OPEN-1090"]
[Site "http://www.queenalice.com/game.php?id=386393"]
[Date "2008.4.12"]
[Round "1"]
[White "goulart"]
[Black "Wefferson_Emerich_0802"]
[Result "1-0"]
[WhiteElo "1978"]
[BlackElo "1489"]

1. e4 e5 2. Nf3 d6 3. Bb5+ c6 4. Ba4 Nf6 5. Nc3 Bg4 6. h3 Bxf3 7. Qxf3 b5 8. Bb3
Na6 9. a3 b4 10. Ne2 h6 11. O-O bxa3 12. Rxa3 Nb4 13. Ra4 c5 14. Nc3 a5 15. Nd5
1-0